000 00429nam a2200181Ia 4500
001 24210
005 20260414151028.0
008 260414t2017||||xx |||||||||||||| ||spa||
041 _aESP
082 _a792.09
_bO44
100 _aOliva, César
_eAUT
245 0 _aHistoria básica del arte escénico
_b
260 _c2017
300 _a521 páginas :
_c21 cm.
650 _aABD
654 _aCAU
942 _cLIB
_dJUS
_fJUS
_2ddc
_n
999 _c24210
_d24210